000 01166cam a22001934a 4500
005 20250605164033.0
008 250528s ||||||||||||||||||||||||d
035 _a16725
020 _a9600700869
040 _aGR-AtMCL
_bgre
_dGR-AtMCL
_eAACR2
245 1 _aΕλληνικά Παραδοσιακά Παιχνίδια
300 _a46
520 _aΤο Παιχνίδι είναι μια απ' τις σπουδαιότερες εκδηλώσεις της παιδικής ηλικίας. Πρόλογος, Λαχνίσματα, Τα Αγάλματα, Το Ρολόι, Η Μέλισσα, Καλημέρα Βασιλιά, Άναψε μου το Κεράκι, Το Κουτσό, Ο Σαλίγκαρος, Τα Λακουβάκια, Η Κυρά Πηνελόπη, Πετάει Πετάει, Έχω Πάπλωμα Χρυσό, Τα Πεντόβολα, Τι' ναι Πάνω, Οι Καβάλες, Τρείς και το Λουρί της Μάνας, Γύρω-Γύρω Όλοι, Η Μικρή Ελένη, Η Γκαμήλα.
700 1 _aΑνατολιτής Ανδρέας Δ
_92816
942 _cBK
260 _bΑτλαντίς
999 _c2197
_d2197